Pays fusionnés par nombre de lettres - Statistiques

Statistiques générales
  • Ce quiz a été pris 85 fois
  • Le résultat moyen est 33 sur 57
Réponses sur la Carte
Les réponses sont colorées sur une échelle allant du rouge au vert en fonction du pourcentage des utilisateurs qui les ont devinées à leur premier essai. Vous pouvez retrouver ces pourcentages ci-dessous.
 
Statistiques - réponses
Nombre de lettres Pays % Correct
6 France
99%
6 Italie
90%
7 Ukraine
81%
6 Brésil
79%
6 Egypte
78%
6 Suisse
78%
7 Pologne
77%
5 Chine
74%
5 Niger
71%
6 Soudan
71%
8 Autriche
70%
4 Iran
70%
6 Guyana
67%
5 Tchad
66%
6 Angola
64%
7 Turquie
64%
5 Chili
63%
4 Irak
63%
8 Colombie
62%
8 Ethiopie
62%
8 Lettonie
62%
8 Roumanie
62%
8 Equateur
60%
8 Lituanie
59%
11 Afghanistan
58%
8 Tchéquie
58%
7 Hongrie
56%
7 Croatie
55%
8 Erythree
55%
5 Népal
55%
5 Pérou
55%
6 Zambie
55%
7 Arménie
53%
7 Géorgie
53%
5 Bénin
52%
11 Ouzbékistan
52%
8 Slovénie
52%
9 Costa Rica
51%
7 Espagne
51%
7 Algérie
49%
11 Côte d'Ivoire
49%
5 Syrie
49%
11 Burkina Faso
48%
8 Honduras
48%
6 Monaco
48%
8 Djibouti
47%
8 Moldavie
47%
9 Nicaragua
47%
8 Botswana
45%
7 Andorre
44%
11 Tadjikistan
44%
5 Liban
42%
8 Zimbabwe
42%
7 Tunisie
40%
6 Israël
37%
8 Salvador
37%
6 Malawi
32%
Aucun quiz correspondant
Distribution des résultats
% des personnes avec chaque résultat
Percentile par nombre de réponses
Votre historique - résultats
Vous n’avez pas pris ce quiz